000 01289nam a2200241Ia 4500
003 Ost
005 20260507075239.0
008 260507s9999||||xx |||||||||||||| ||und||
040 _cfsecg
041 _aara
082 _a330
100 _aصبرة، سمر توفيق
_eمؤلف
245 0 _aالتسويق الالكتروني /
_c سمر توفيق صبرة
260 _aعمان:
_bدار الاعصار العلمي,
_c2010
300 _a219 صفحة؛
_bإيضاحات ؛
_c24 سم
504 _aمراجع ص.217
520 _aمفهوم الاعمال الالكترونية و التسويق الالكتروني ، خدمات الزبون و عمليات التسويق عبر الانترنيت ، تخطيط و تطوير المنتجات و تسويق الخدمات و تسعير المنتجات المباعة عبر الأنترنيت نظم المعلومات التسويقية للأعمال الالكترونية ، التوزيع الالكتروني و الترويج الالكتروني عبر الانترنيت ، المجتمعات الافتراضية ، التخصيص.
653 _aأدارة المبيعات
653 _aالانترنت
653 _aالتسويق
653 _aالتسويق -الالكتروني
942 _cكتاب
999 _c43609
_d43609